Cybersecurity and Privacy in the Era of Smart Technologies

Gespeichert in:
Bibliographische Detailangaben
Weitere Verfasser: Amin, Mohammed
Format: Buch
Sprache:Englisch
Veröffentlicht: Hershey IGI Global Scientific Publishing 2026
Schlagworte:
Tags: Tag hinzufügen
Keine Tags, Fügen Sie das erste Tag hinzu!

MARC

LEADER 00000nam a2200000 4500
001 0312851
005 20251128144238.0
020 |a 9798337322841 
041 0 |a eng 
044 |a US 
245 1 0 |a Cybersecurity and Privacy in the Era of Smart Technologies  |c [Edited by] Mohammed Amin 
264 1 |a Hershey  |b IGI Global Scientific Publishing  |c 2026 
300 |a 322 s. 
500 |a ProQuest e-books. 
610 2 0 |a bezpečnosť kybernetická 
610 2 0 |a inteligencia umelá 
610 2 0 |a technológie inteligentné 
700 1 |a Amin, Mohammed